Loading...
| History - European | 0 | 7 | 0 | 2 | 70 | 46 | 91.71 | 0 | 2 | 0.00 | 0.00 |
| History - American | 0 | 5 | 0 | 0 | 50 | 10 | 74.40 | 2 | 3 | 0.00 | 0.00 |
| History - World | 0 | 4 | 0 | 1 | 40 | 64 | 104.75 | 0 | 0 | 0.00 | 0.00 |
| Mythology | 0 | 4 | 0 | 1 | 40 | 105 | 126.50 | 0 | 0 | 0.00 | 0.00 |
| Social Science | 0 | 3 | 1 | 0 | 25 | 59 | 81.67 | 0 | 2 | 0.00 | 0.00 |
| Science - Biology | 0 | 3 | 1 | 2 | 25 | 97 | 106.33 | 0 | 0 | 0.00 | 0.00 |
| Current Events | 0 | 2 | 0 | 1 | 20 | 80 | 98.00 | 0 | 0 | 0.00 | 0.00 |
| Fine Arts - Classical Music | 0 | 2 | 0 | 1 | 20 | 118 | 123.00 | 0 | 0 | 0.00 | 0.00 |
| Geography | 0 | 2 | 0 | 0 | 20 | 96 | 99.50 | 0 | 0 | 0.00 | 0.00 |
| History - Other | 0 | 2 | 0 | 1 | 20 | 83 | 102.50 | 0 | 1 | 0.00 | 0.00 |
| Religion | 0 | 2 | 0 | 1 | 20 | 96 | 103.50 | 0 | 0 | 0.00 | 0.00 |
| Literature - World | 0 | 2 | 1 | 0 | 15 | 144 | 144.00 | 0 | 0 | 0.00 | 0.00 |
| Philosophy | 0 | 1 | 0 | 0 | 10 | 125 | 125.00 | 0 | 0 | 0.00 | 0.00 |
| Science - Other | 0 | 1 | 0 | 1 | 10 | 120 | 120.00 | 0 | 0 | 0.00 | 0.00 |
| Popular Culture | 0 | 1 | 0 | 1 | 10 | 103 | 103.00 | 0 | 0 | 0.00 | 0.00 |
| Fine Arts - Other | 0 | 1 | 0 | 0 | 10 | 123 | 123.00 | 0 | 0 | 0.00 | 0.00 |
| Other Academic | 0 | 1 | 0 | 0 | 10 | 110 | 110.00 | 0 | 0 | 0.00 | 0.00 |
| Literature - American | 0 | 0 | 0 | 0 | 0 | 0.00 | 0 | 0 | 0.00 | 0.00 | |
| Literature - European | 0 | 0 | 0 | 0 | 0 | 0.00 | 0 | 0 | 0.00 | 0.00 | |
| Science - Chemistry | 0 | 0 | 0 | 0 | 0 | 0.00 | 0 | 0 | 0.00 | 0.00 | |
| Science - Physics | 0 | 0 | 1 | 0 | -5 | 0.00 | 0 | 0 | 0.00 | 0.00 |